| 000 | 00717cam a22002297a 4500 | ||
|---|---|---|---|
| 001 | 15719104 | ||
| 005 | 20130529122743.0 | ||
| 008 | 090430s2009 caua b 001 0 eng d | ||
| 020 | _a9781847872784 (hbk.) | ||
| 020 | _a1847872786 (hbk.) | ||
| 020 | _a1847872794 (pbk.) | ||
| 020 | _a9781847872791 (pbk.) | ||
| 082 | 0 | 4 |
_a610.73 _222 _bBAR |
| 100 | 1 |
_aBarker, Janet H. _933287 |
|
| 245 | 1 | 0 |
_aEvidence-based practice for nurses / _cJanet Barker. |
| 260 |
_aLos Angeles ; _aLondon : _bSAGE, _c2010. |
||
| 300 |
_avii, 165 p. : _bill. ; _c25 cm. |
||
| 504 | _aIncludes bibliographical references (p. 151-157) and index. | ||
| 650 | 0 |
_aEvidence-based nursing. _927247 |
|
| 653 |
_bNUR _cMay2013 |
||
| 942 |
_2ddc _cNRB |
||
| 999 |
_c17486 _d17458 |
||